| 000 | 00594nam a2200205 i 4500 | ||
|---|---|---|---|
| 001 | 60147 | ||
| 003 | ES-MaACL | ||
| 005 | 20240418112102.0 | ||
| 007 | t| | ||
| 008 | 031103s1972 sp ||||1| spa d | ||
| 100 | 1 |
_aEscobar Galindo, David. _947565 |
|
| 245 | 1 | 3 |
_aEl despertar del viento / _cDavid Escobar Galindo. |
| 260 |
_a[Cuenca] : _bCarboneras de Guadazaon, _c[1972] |
||
| 300 |
_a49 p. ; _c18 cm. |
||
| 490 | 1 |
_aEl toro de barro ; _v24 |
|
| 830 | 0 |
_aColección El Toro de Barro ; _v24 _9226760 |
|
| 852 |
_aES-MaACL _jC-52134 _bR.84818 |
||
| 942 | _2udc | ||
| 999 |
_c60147 _d60147 |
||